Anuario del Instituto de Investigaciones Interculturales Germano-Mexicanas (Record no. 11036)
[ view plain ]
| 000 -CABECERA | |
|---|---|
| campo de control de longitud fija | 01070nam a22002417a 4500 |
| 001 - NÚMERO DE CONTROL | |
| campo de control | BRCA_9414 |
| 003 - IDENTIFICADOR DEL NÚMERO DE CONTROL | |
| campo de control | FranzMayer |
| 005 - FECHA Y HORA DE LA ÚLTIMA TRANSACCIÓN | |
| campo de control | 20230918130010.0 |
| 008 - DATOS DE LONGITUD FIJA--INFORMACIÓN GENERAL | |
| campo de control de longitud fija | 230904b |||||||| |||| 00| 0 eng d |
| 020 ## - NÚMERO INTERNACIONAL ESTÁNDAR DEL LIBRO | |
| Número Internacional Estándar del Libro | 9686495029 |
| 040 ## - FUENTE DE LA CATALOGACIÓN | |
| Centro catalogador/agencia de origen | MFM |
| Lengua de catalogación | ESPAÑOL |
| Centro/agencia transcriptor | MFM |
| 050 #0 - SIGNATURA TOPOGRÁFICA DE LA BIBLIOTECA DEL CONGRESO | |
| Número de clasificación | AY439 |
| Número de documento/Ítem | I57 1993 |
| 110 1# - ENTRADA PRINCIPAL--NOMBRE DE ENTIDAD CORPORATIVA | |
| Código de función/relación | Responsable |
| Nombre de entidad corporativa o nombre de jurisdicción como elemento de entrada | Instituto de Investigaciones Interculturales Germano-Mexicanas |
| 9 (RLIN) | 29622 |
| 240 ## - TÍTULO UNIFORME | |
| Título uniforme | Anuario del Instituto de Investigaciones Interculturales Germano-Mexicanas |
| Medio | Volumen III 1992-1993 Número 5 y 6 |
| Lenguaje de la obra | Español/Inglés/Alemán |
| 245 0# - MENCIÓN DE TÍTULO | |
| Título | Anuario del Instituto de Investigaciones Interculturales Germano-Mexicanas |
| Resto del título | Volumen III 1992-1993 Número 5 y 6 |
| 260 ## - PUBLICACIÓN, DISTRIBUCIÓN, ETC. | |
| Lugar de publicación, distribución, etc. | México |
| Nombre del editor, distribuidor, etc. | Instituto de Investigaciones Interculturales Germano-Mexicanas |
| Fecha de publicación, distribución, etc. | 1993 |
| 300 ## - DESCRIPCIÓN FÍSICA | |
| Extensión | 137 p |
| Otras características físicas | Ilustraciones |
| Dimensiones | 27 cm |
| 500 ## - NOTA GENERAL | |
| Nota general | Anexo 1 |
| 505 ## - NOTA DE CONTENIDO CON FORMATO | |
| Nota de contenido con formato | Texto en: español/Inglés/AlemánIncluye índice temático |
| 650 1# - PUNTO DE ACCESO ADICIONAL DE MATERIA--TÉRMINO DE MATERIA | |
| Fuente del encabezamiento o término | Anuarios |
| Término de materia o nombre geográfico como elemento de entrada | 1993 |
| Subdivisión de forma | México |
| 9 (RLIN) | 29623 |
| 651 2# - PUNTO DE ACCESO ADICIONAL DE MATERIA--NOMBRE GEOGRÁFICO | |
| Fuente del encabezamiento o término | Anuarios 1993 |
| Nombre geográfico | Instituto de Investigaciones Interculturales Germano-Mexicanas |
| 9 (RLIN) | 29624 |
| 942 ## - ELEMENTOS DE PUNTO DE ACCESO ADICIONAL (KOHA) | |
| Fuente del sistema de clasificación o colocación | Library of Congress Classification |
| Tipo de ítem Koha | Hemerográfico |
| Estado de retiro | Estado de pérdida | Fuente del sistema de clasificación o colocación | Estado dañado | No para préstamo | Código de colección | Localización permanente | Ubicación/localización actual | Fecha de adquisición | Total de préstamos | Signatura topográfica completa | Código de barras | Fecha visto por última vez | Precio válido a partir de | Tipo de ítem Koha |
|---|---|---|---|---|---|---|---|---|---|---|---|---|---|---|
| El ejemplar forma parte de la colección y puede ser consultado según las políticas vigentes. | Library of Congress Classification | Fondo Contemporáneo | Biblioteca del Museo Franz Mayer (Rogerio Casas-Alatriste) | Biblioteca del Museo Franz Mayer (Rogerio Casas-Alatriste) | 04/09/2023 | AY439 I57 1993 | CONT10187 | 04/09/2023 | 04/09/2023 | Hemerográfico |